000 01088pam a2200289 a 4500
999 _c129089
_d129089
001 1124002
003 ARRUPE
005 20190222092759.0
008 940405s1994 enka b 001 0 eng
010 _a 94013745
020 _a1855671042 (hb)
020 _a1855671050 (pb)
040 _aDLC
_cDLC
_dDLC
050 0 0 _aBL580
_b.S2297 1994
082 0 0 _a291.3/5
_220
245 0 0 _aSacred place /
_cedited by Jean Holm, with John Bowker.
260 _aLondon ;
_aNew York :
_bContinuum ;
_c1994.
300 _axii, 206 p. :
_bill. ;
_c23 cm.
440 0 _aThemes in religious studies series
_925276
504 _aIncludes bibliographical references and index.
650 0 _aSacred space.
_9947
650 0 _aReligions.
_944851
700 1 _aHolm, Jean,
_d1922-
_925278
700 1 _aBowker, John,
_d1935-
_944852
906 _a7
_bcbc
_corignew
_d1
_eocip
_f19
_gy-gencatlg
942 _2lcc
_cMONOGRAPH